Đánh giá tác động của rủi ro thị trường và phản ứng của nông hộ ở khu vực Đồng bằng sông Cửu Long : Báo cáo tổng kết đề tài khoa học và công nghệ cấp Trường

Nội dung đề tài phân tích thực trạng rủi ro thị trường và phẩn ứng đối với rủi ro của nông hộ ở khu vực ĐBSCL. Đánh giá tác động của rủi ro thị trường đến hiệu quả sản xuất nông nghiệp của nông hộ. Đề xuất một số giải pháp giảm ru...

Ful tanımlama

Kaydedildi:
Detaylı Bibliyografya
Yazar: Trần, Quế Anh
Materyal Türü: Kitap
Dil:Undetermined
Baskı/Yayın Bilgisi: Cần Thơ Trường Đại học Cần Thơ 2012
Konular:
Etiketler: Etiketle
Etiket eklenmemiş, İlk siz ekleyin!
Thư viện lưu trữ: Trung tâm Học liệu Trường Đại học Cần Thơ
LEADER 01499nam a2200229Ia 4500
001 CTU_203555
008 210402s9999 xx 000 0 und d
082 |a 338.13 
082 |b A107 
088 |a T2012-11 
100 |a Trần, Quế Anh 
245 0 |a Đánh giá tác động của rủi ro thị trường và phản ứng của nông hộ ở khu vực Đồng bằng sông Cửu Long : 
245 0 |b Báo cáo tổng kết đề tài khoa học và công nghệ cấp Trường 
245 0 |c Trần Quế Anh (chủ nhiệm đề tài) ; Nguyễn Quốc Nghi ... [et al.] (tham gia thực hiện) 
260 |a Cần Thơ 
260 |b Trường Đại học Cần Thơ 
260 |c 2012 
520 |a Nội dung đề tài phân tích thực trạng rủi ro thị trường và phẩn ứng đối với rủi ro của nông hộ ở khu vực ĐBSCL. Đánh giá tác động của rủi ro thị trường đến hiệu quả sản xuất nông nghiệp của nông hộ. Đề xuất một số giải pháp giảm rủi ro do tác động của thị trường nhằm nâng cao hiệu quả sản xuất nông nghiệp cho nông hộ ở ĐBSCL. 
650 |a Agriculture,Nông nghiệp 
650 |x Economic aspects,Khía cạnh kinh tế 
904 |i Qhieu 
980 |a Trung tâm Học liệu Trường Đại học Cần Thơ